| 000 | 00589pam a2200193 a 4500 | ||
|---|---|---|---|
| 020 | _a0632016035 (U.S. : pbk.) | ||
| 020 | _a0632015926 (U.S. : hard) | ||
| 040 | _cDLC | ||
| 082 | 0 | 0 | _a541 BLA 1987 A008 Or. |
| 100 | 1 | _aEbsworth, E. A. V. | |
| 245 | 1 | 0 | _aStructural methods in inorganic chemistry / |
| 260 |
_aOxford [Oxfordshire] ; _aBoston : _bBlackwell Scientific Publications, _c1987. |
||
| 300 |
_axi, 456 p. : _bill. ; _c25 cm. |
||
| 650 | 0 | _aSpectrum analysis. | |
| 650 | 0 | _aChemistry, Inorganic. | |
| 700 | 1 | _aRankin, David W. H. | |
| 700 | 1 | _aCradock, Stephen. | |
| 942 | _cEK | ||
| 999 |
_c17084 _d17084 |
||